|
|
|
|
| LEADER |
00000nab a2200000 a 4500 |
| 001 |
vtls000398878 |
| 003 |
SK-MaSNL |
| 005 |
20260303101403.0 |
| 008 |
111202c1990 xo 0 slo |
| 015 |
|
|
|a SNBRA19rr/mm-uuuuu
|
| 035 |
|
|
|a CL0399002
|
| 040 |
|
|
|a SNKBUCL
|b slo
|c SNKBUCL
|e AACR2
|
| 041 |
0 |
|
|a slo
|
| 044 |
|
|
|a xo
|c SK
|
| 080 |
|
|
|a 691:796
|2 1981
|
| 080 |
|
|
|a 796
|2 1981
|
| 080 |
|
|
|a 725.86
|2 1981
|
| 100 |
1 |
|
|a Vachálek, M. L.
|4 aut
|9 1113056
|
| 245 |
1 |
0 |
|a Umelé povrchy pre športové a rekreačné zariadenia
|c M. L. Vachálek
|
| 650 |
0 |
7 |
|a ihriská
|2 snkbucl
|9 181037
|
| 650 |
0 |
7 |
|a dráhy bežecké
|2 snkbucl
|9 1113057
|
| 650 |
0 |
7 |
|a hmoty umelé
|2 snkbucl
|9 882780
|
| 655 |
|
7 |
|a články zo zborníkov
|2 snkbucl
|9 166140
|
| 773 |
0 |
|
|t Športové a rekreačné zariadenia, architektúra a výstavba
|d Bratislava : Dom techniky ČSVTS, 1990
|
| 850 |
|
|
|a Slovenská národná knižnica v Martine
|a MTA001
|
| 852 |
|
|
|a SNK
|b KIS3GCP
|
| 958 |
|
|
|a RK
|
| 992 |
|
|
|a RZB
|
| 999 |
|
|
|c 1838413
|d 1840343
|